000
00216 a2200097 4500
001
48774
100
_a
245
_a
Trans frontier movements of hazardous wastes
260
_a
Paris
_b
OCDE
_c
090
_c
31675
_d
31675
942
_a
NUST-CAE
_c
M
_c
24086
999
_c
283847
_d
283847